| Tag |
First Indicator |
Second Indicator |
Subfields |
| LEADER |
00000cam a2200000 4500 |
| 001 |
in00000684621 |
| 005 |
20151015171715.0 |
| 008 |
711019s1971 ilua j b 00111 eng |
| 010 |
|
|
|a 73154794
|
| 035 |
|
|
|a (OCoLC)00201931
|
| 035 |
|
|
|9 ADA1085AM
|
| 040 |
|
|
|a DLC
|c DLC
|d TXA
|d UtOrBLW
|
| 049 |
|
|
|a TXAM
|c [954830]
|
| 050 |
0 |
0 |
|a PZ5.A64
|b Ar8
|
| 082 |
0 |
|
|a 808.8/99282
|
| 100 |
1 |
|
|a Arbuthnot, May Hill,
|d 1884-1969.
|
| 245 |
1 |
4 |
|a The Arbuthnot anthology of children's literature /
|c [by] May Hill Arbuthnot and [others] Illustrated by Rainey Bennett [and others].
|
| 250 |
|
|
|a 3d ed.
|
| 264 |
|
1 |
|a Glenview, Ill. :
|b Scott, Foresman,
|c [1971]
|
| 300 |
|
|
|a xxiv, 1271 pages :
|b illustrations ;
|c 27 cm.
|
| 336 |
|
|
|a text
|b txt
|2 rdacontent
|
| 337 |
|
|
|a unmediated
|b n
|2 rdamedia
|
| 338 |
|
|
|a volume
|b nc
|2 rdacarrier
|
| 500 |
|
|
|a "Composed principally of abridgements of these six books: Time for poetry, Time for old magic, Time for new magic, Time for stories of the past and present, Time for biography [and] Time for discovery: informational books."
|
| 504 |
|
|
|a Bibliography: pages [1155]-1232.
|
| 520 |
|
|
|a A collection of poetry, folklore, fantasy, short stories, biographies, and other non-fiction. Includes a history and discussion of children's literature and suggestions for using this literature with children.
|
| 650 |
|
0 |
|a Children's literature.
|
| 650 |
|
1 |
|a Literature
|x Collections.
|
| 700 |
1 |
|
|a Bennett, Rainey.
|
| 999 |
|
|
|a MARS
|
| 999 |
f |
f |
|s 68d224b4-9826-3910-b8ff-47c3e4a8480c
|i 785a5eaf-11db-36ce-afa5-852b8fadb057
|t 0
|
| 952 |
f |
f |
|p normal
|a Texas A&M University
|b College Station
|c Sterling C. Evans Library
|d Evans: Library Stacks
|t 0
|e PZ5.A64 Ar8
|h Library of Congress classification
|i unmediated -- volume
|m A14804341162
|
| 998 |
f |
f |
|a PZ5.A64 Ar8
|t 0
|l Evans: Library Stacks
|